UITU Library & LRC     

Economic Growth and Structure: selected essays (Record no. 6173)

MARC details
000 -LEADER
fixed length control field 00479nam a2200181Ia 4500
008 - FIXED-LENGTH DATA ELEMENTS--GENERAL INFORMATION
fixed length control field 240925s9999 xx 000 0 und d
020 ## - INTERNATIONAL STANDARD BOOK NUMBER
International Standard Book Number NA
082 ## - DEWEY DECIMAL CLASSIFICATION NUMBER
Classification number 338.9 KUZ
100 ## - MAIN ENTRY--PERSONAL NAME
Personal name Kuznets, Simon
245 #0 - TITLE STATEMENT
Title Economic Growth and Structure: selected essays
250 ## - EDITION STATEMENT
Edition statement NA
260 ## - PUBLICATION, DISTRIBUTION, ETC.
Place of publication, distribution, etc. New Delhi:
Name of publisher, distributor, etc. Oxford University Press
Date of publication, distribution, etc. NA
300 ## - PHYSICAL DESCRIPTION
Extent 218p.
Other physical details NA
Type of unit Photocopy
500 ## - GENERAL NOTE
General note Includes Illustration
600 ## - SUBJECT ADDED ENTRY--PERSONAL NAME
Personal name Social Sciences
650 ## - SUBJECT ADDED ENTRY--TOPICAL TERM
Topical term or geographic name entry element Social Sciences
942 ## - ADDED ENTRY ELEMENTS (KOHA)
Koha item type Books
Holdings
Withdrawn status Lost status Damaged status Not for loan Collection Home library Current library Date acquired Source of acquisition Total checkouts Full call number Barcode Date last seen Price effective from Koha item type
        Social Sciences UITU Library UITU Library 03/29/2001 NA   338.9 KUZ Q3674 09/25/2024 09/25/2024 Books

Powered by Koha